000 00505nam a2200181Ia 4500
008 120910t1994 xxu||||| |||| 00| 0 sin d
041 _asin
080 _a8-31 (802.0)
_bPAR
100 _aPark,Ruth
245 _aමුහුදු පත්ලේ මාවත
246 _aMuhudu Pathle Mawatha
260 _aSubha Publishers
_aPannipitiya
_c1994
300 _b212p, ill, 18 cm
700 _aDharmawimala,Ranasingha
_etr.
942 _cBK
999 _c39910
_d39910
003 LK-CoDNM
040 _aLK-CoDNM
_dLK-CoDNM
_eLK-CoDNM